000
00290nam a22001337a 4500
008
181004b xxu||||| |||| 00| 0 eng d
020
_a
9780631175698
041
_a
eng
080
_a
101
100
_a
24
101
_a
FIL
245
_a
A Rousseau Dictionary
_c
Dent,N.J
942
_2
udc
_c
BK
999
_c
48864
_d
48864